[Event "Najdorf Memorial"]
[Site "Warsaw POL"]
[Date "2015.07.12"]
[Round "3.30"]
[White "Przedmojski, Rafal"]
[Black "Masse, Hugues"]
[Result "1-0"]
[WhiteElo "2362"]
[BlackElo "2222"]
[Annotator ""]
[Source ""]
[Remark ""]

1.d4 Nf6 2.c4 g6 3.f3 Nc6 4.e4 e5 5.dxe5 Nxe5 6.Nc3 d6 7.Bg5
h6 8.Be3 Bg7 9.Qd2 Be6 10.b3 c6 11.Rd1 Qa5 12.Bd4 Rd8 13.Nge2
O-O 14.Nf4 Bc8 15.h4 Rfe8 16.Be2 Nfd7 17.Nb1 Qc7 18.Nc3 Qa5 19.Nb1
Qc7 20.O-O Nc5 21.Nc3 Qe7 22.g3 a6 23.b4 Ne6 24.Bb6 Rd7 25.Ng2
f5 26.f4 Nf7 27.h5 Qf6 28.hxg6 Qxg6 29.Rf3 c5 30.Nh4 Qg4 31.Rd3
Qh3 32.Nxf5 Nd4 33.g4 Nxe2+ 34.Qxe2 Bd4+ 35.Nxd4 1-0

[Event "MetLife Warsaw Najdorf Chess Festival  gr. A"]
[Site "Warszawa"]
[Date "2015.07.12"]
[Round "3.31"]
[White "Bartel, Michal"]
[Black "Nowak, Lukasz"]
[Result "1-0"]
[WhiteElo "2331"]
[BlackElo "2116"]
[Annotator ""]
[Source ""]
[Remark ""]

1.e4 e6 2.d4 d5 3.Nc3 Bb4 4.e5 Ne7 5.Bd2 b6 6.Nf3 Bxc3 7.bxc3
h6 8.Bd3 Ba6 9.O-O O-O 10.Nh4 Bxd3 11.cxd3 c5 12.Qg4 Kh7 13.dxc5
bxc5 14.f4 f5 15.exf6 Rxf6 16.Rae1 Qd6 17.f5 exf5 18.Nxf5 Nxf5
19.Rxf5 Nd7 20.Rxf6 Nxf6 21.Qf5+ Kg8 22.Re6 Qf8 23.Bxh6 Qf7 24.Bxg7
Nh5 25.Bf6 Rf8 26.Qg5+ 1-0

[Event "Najdorf Memorial"]
[Site "Warsaw POL"]
[Date "2015.07.12"]
[Round "3.32"]
[White "Kukula, Pawel"]
[Black "Cukrowski, Filip"]
[Result "0-1"]
[WhiteElo "2211"]
[BlackElo "2330"]
[Annotator ""]
[Source ""]
[Remark ""]

1.d4 Nf6 2.Nf3 e6 3.e3 b6 4.Bd3 Bb7 5.Nbd2 c5 6.b3 cxd4 7.exd4
Bb4 8.Bb2 Qc7 9.c4 Qf4 10.O-O O-O 11.a3 Bd6 12.h3 Nh5 13.Ne5
Qh4 14.Ndf3 Qe7 15.Qc2 Bxe5 16.Nxe5 d6 17.Ng4 f5 18.Ne3 Nf4 19.d5
Qg5 20.Kh2 Nxd3 21.Qxd3 f4 22.Nc2 exd5 23.f3 Nd7 24.Nd4 Ne5 25.Qc3
dxc4 26.bxc4 Rac8 27.Nb5 Nxc4 28.Rf2 Ne3 29.Qd3 Bxf3 30.Re1 Qg3+
31.Kg1 Bxg2 32.Rxe3 Bf3+ 33.Kf1 fxe3 0-1

[Event "Najdorf Memorial"]
[Site "Warsaw POL"]
[Date "2015.07.12"]
[Round "3.33"]
[White "Bjornsson, Sigurbjorn"]
[Black "Dabrowska, Krystyna"]
[Result "0-1"]
[WhiteElo "2327"]
[BlackElo "2208"]
[Annotator ""]
[Source ""]
[Remark ""]

1.e4 e5 2.Nf3 Nc6 3.Bb5 g6 4.d4 exd4 5.Nxd4 Bg7 6.Be3 a6 7.Be2
d6 8.O-O Nf6 9.Nc3 O-O 10.f4 Bd7 11.Bf3 Re8 12.Qd2 Qe7 13.Rae1
Rad8 14.h3 Nxd4 15.Bxd4 c5 16.Bf2 Bc6 17.Qc1 Qc7 18.Bh4 Rc8 19.Kh1
b5 20.e5 dxe5 21.Bxf6 Bxf6 22.Nd5 Bxd5 23.Bxd5 exf4 24.Rd1 Re3
25.c4 Kg7 26.Rd2 Rce8 27.Rdf2 g5 28.Rd2 R8e7 29.Bf3 b4 30.Rd5
h6 31.Rdd1 Bd4 32.Qc2 Qe5 33.b3 Qf6 34.Bh5 R7e5 35.Qb1 Qe7 36.Bg4
Bc3 37.Rd7 Qe8 38.Rdd1 Re1 39.Rfxe1 Bxe1 40.Qa1 Bc3 41.Qb1 Bd4
42.Rf1 Re3 43.Bf3 Qe5 44.Bd5 Re2 45.Qd1 Rxa2 46.Qh5 Qe7 47.g3
Ra1 48.Rxa1 Bxa1 49.Qd1 Be5 50.g4 Bd4 51.Qd2 Bf6 52.Kg2 Qe5 53.Kf3
Qa1 54.Qd3 Bd4 55.Qf5 Qf1+ 0-1

[Event "Najdorf Memorial"]
[Site "Warsaw POL"]
[Date "2015.07.12"]
[Round "3.34"]
[White "Jakubiec, Edyta"]
[Black "Szostko, Jakub"]
[Result "1-0"]
[WhiteElo "2212"]
[BlackElo "2319"]
[Annotator ""]
[Source ""]
[Remark ""]

1.d4 Nf6 2.Nf3 g6 3.Bf4 Bg7 4.e3 O-O 5.h3 b6 6.c4 Bb7 7.Nc3 d6
8.Be2 Nbd7 9.O-O Re8 10.Bh2 e5 11.dxe5 dxe5 12.Qc2 e4 13.Nd4
Ne5 14.Rfd1 Qe7 15.Rac1 Rad8 16.Nd5 Nxd5 17.cxd5 Bxd5 18.Qxc7
Rd7 19.Qc2 Nd3 20.Bxd3 exd3 21.Qxd3 Qg5 22.Bg3 Be4 23.Qb5 Qd8
24.Bh4 f6 25.Qa4 Qe7 26.Nc6 Bxc6 27.Qxc6 Red8 28.Rxd7 Qxd7 29.Qxd7
Rxd7 30.Rc2 Kf7 31.Kf1 f5 32.Ke2 Be5 33.b3 Ke6 34.f3 Bg7 35.g4
Bf8 36.gxf5+ Kxf5 37.Rc6 Be7 38.Bg3 Bb4 39.h4 Rd2+ 40.Kf1 1-0

[Event "Najdorf Memorial"]
[Site "Warsaw POL"]
[Date "2015.07.12"]
[Round "3.35"]
[White "Adamski, Jan"]
[Black "Bus, Konrad"]
[Result "1-0"]
[WhiteElo "2293"]
[BlackElo "2108"]
[Annotator ""]
[Source ""]
[Remark ""]

1.Nf3 Nf6 2.c4 g6 3.Nc3 d5 4.cxd5 Nxd5 5.Qa4+ Bd7 6.Qh4 Nxc3
7.dxc3 e6 8.Bg5 Be7 9.Qh6 Bf8 10.Bxd8 Bxh6 11.Bxc7 Na6 12.Bd6
f6 13.e3 e5 14.Bc4 Rc8 15.Bd5 Bc6 16.O-O-O Rd8 17.Bxc6+ bxc6
18.Ba3 Bf8 19.Bxf8 Rxf8 20.Rxd8+ Kxd8 21.Nd2 Ke7 22.Kc2 Nc5 23.b4
Ne6 24.Nc4 Kd7 25.Rd1+ Kc7 26.a4 Ng5 27.f3 Nf7 28.b5 e4 29.f4
Rg8 30.Rd4 f5 31.Ne5 Nxe5 32.fxe5 Re8 33.Rc4 Rxe5 34.Rxc6+ Kb7
35.c4 Re7 36.c5 Re5 37.Kd2 a5 38.Ke2 Rd5 39.h4 Rd3 40.Rf6 Rc3
41.Rf7+ Kc8 42.c6 h6 43.Rg7 Rc2+ 44.Kd1 1-0

[Event "MetLife Warsaw Najdorf Chess Festival  gr. A"]
[Site "Warszawa"]
[Date "2015.07.12"]
[Round "3.36"]
[White "Chomczyk, Marek"]
[Black "Hrabinska, Myroslava"]
[Result "1-0"]
[WhiteElo "2165"]
[BlackElo "2270"]
[Annotator ""]
[Source ""]
[Remark ""]

1.d4 d5 2.c4 e6 3.Nc3 a6 4.cxd5 exd5 5.Bf4 c6 6.e3 Bf5 7.Nf3
Nd7 8.Be2 Be7 9.O-O h6 10.h3 Ngf6 11.Bh2 Ne4 12.Nxe4 Bxe4 13.Nd2
Bg6 14.Qb3 Qb6 15.Rfc1 Qxb3 16.Nxb3 a5 17.a4 h5 18.f3 Bb4 19.Bg3
Ke7 20.Be1 Rhe8 21.Kf2 Bxe1+ 22.Rxe1 Bc2 23.Bd1 Bxb3 24.Bxb3
Kd6 25.e4 f6 26.Kg3 Nf8 27.Rad1 g5 28.h4 Ne6 29.hxg5 fxg5 30.exd5
Nxd4 31.Rxe8 Nf5+ 32.Kf2 Rxe8 33.dxc6+ Kxc6 34.Rd5 Rf8 35.Rxa5
b6 36.Re5 g4 37.Bc2 g3+ 38.Kf1 Nd6 39.Rxh5 Nc4 40.Ke2 Rd8 41.Be4+
Kc7 42.Rd5 Re8 43.b3 Na5 44.b4 Nc6 45.b5 Ne5 46.Ke3 Nd7 47.Rg5
Nc5 48.a5 Nxe4 49.axb6+ Kxb6 50.fxe4 Rf8 51.Rxg3 Kxb5 52.Rg5+
Kc6 53.Rd5 Rf7 54.g4 Rf8 55.g5 Rf1 56.Rd2 Rf7 57.e5 Rf5 58.Rg2
Rxe5+ 59.Kf4 Kd6 60.g6 Re8 61.g7 Rg8 62.Kf5 1-0

[Event "MetLife Warsaw Najdorf Chess Festival  gr. A"]
[Site "Warszawa"]
[Date "2015.07.12"]
[Round "3.37"]
[White "Mickiewicz, Piotr"]
[Black "Janik, Igor"]
[Result "0-1"]
[WhiteElo "2356"]
[BlackElo "2261"]
[Annotator ""]
[Source ""]
[Remark ""]

1.Nf3 Nf6 2.c4 g6 3.Nc3 Bg7 4.d4 d6 5.Bg5 h6 6.Bh4 g5 7.Bg3 Nh5
8.e3 c5 9.d5 Bf5 10.Bd3 Nxg3 11.hxg3 Bxd3 12.Qxd3 Nd7 13.O-O
Qa5 14.Rab1 Rb8 15.g4 a6 16.a3 b5 17.cxb5 axb5 18.Ne4 Qa4 19.Rfc1
O-O 20.Nc3 Bxc3 21.bxc3 Nf6 22.Nd2 Nxg4 23.f3 Nf6 24.Qf5 Kg7
25.f4 gxf4 26.exf4 Rg8 27.Re1 Rbe8 28.Re3 Kf8 29.Rh3 Rg6 30.Re1
Qa8 31.Rd3 e6 32.Qh3 Nxd5 33.Rf1 Ne7 34.Rxd6 Nf5 35.Rd3 c4 36.Rdf3
Qxa3 37.Kh2 h5 38.Ne4 Rd8 39.Ng3 Rd5 40.Nxh5 Rh6 41.Qg4 Rd2 42.Rh3
Rg6 43.Qf3 Rdxg2+ 44.Qxg2 Rxg2+ 45.Kxg2 b4 46.cxb4 Qxb4 47.Rf2
c3 48.Nf6 Qd4 49.Nh7+ Ke7 50.Ng5 c2 51.Rxc2 Qxf4 0-1

[Event "MetLife Warsaw Najdorf Chess Festival  gr. A"]
[Site "Warszawa"]
[Date "2015.07.12"]
[Round "3.38"]
[White "Saatdjian, Thomas"]
[Black "Warszawski, Bartosz"]
[Result "1-0"]
[WhiteElo "2353"]
[BlackElo "2233"]
[Annotator ""]
[Source ""]
[Remark ""]

1.d4 f5 2.Nf3 Nf6 3.g3 e6 4.Bg2 d5 5.c4 c6 6.O-O Bd6 7.b3 Qe7
8.Ne5 b6 9.Nd2 Bb7 10.Bb2 O-O 11.Qc2 Ne4 12.Nxe4 fxe4 13.f3 exf3
14.exf3 Bxe5 15.dxe5 dxc4 16.bxc4 c5 17.Rad1 Nc6 18.Rd6 Na5 19.Bh3
Bxf3 20.Bxe6+ Kh8 21.Bf5 Bc6 22.Qe2 Be8 23.Be4 Rb8 24.Rdf6 Bf7
25.Qg4 Nxc4 26.Qh4 Bg8 27.Rxf8 Qxh4 28.gxh4 1-0

[Event "MetLife Warsaw Najdorf Chess Festival  gr. A"]
[Site "Warszawa"]
[Date "2015.07.12"]
[Round "3.39"]
[White "Derakhshani, Dorsa"]
[Black "Lach, Aleksandra"]
[Result "1-0"]
[WhiteElo "2280"]
[BlackElo "2227"]
[Annotator ""]
[Source ""]
[Remark ""]

1.e4 c5 2.Nf3 d6 3.d4 cxd4 4.Nxd4 Nf6 5.Nc3 a6 6.Qd3 e5 7.Nf5
Bxf5 8.exf5 h6 9.Be3 Nc6 10.O-O-O Qa5 11.a3 O-O-O 12.f4 exf4
13.Bxf4 d5 14.Bd2 d4 15.Ne4 Qd5 16.Nxf6 Qa2 17.Bf4 Qa1+ 18.Kd2
Qxb2 19.Ne4 Bxa3 20.Ke2 Qa2 21.Kf2 Rhe8 22.Nd2 Bc5 23.Nb3 Bb6
24.Ra1 Qb2 25.Rxa6 Qb1 26.Ra1 Qb2 27.Be2 Kd7 28.Nc5+ Bxc5 29.Rhb1
Qc3 30.Rxb7+ 1-0

[Event "MetLife Warsaw Najdorf Chess Festival  gr. A"]
[Site "Warszawa"]
[Date "2015.07.12"]
[Round "3.40"]
[White "Rozycki, Bartlomiej"]
[Black "Warakomska, Anna"]
[Result "1/2-1/2"]
[WhiteElo "2198"]
[BlackElo "2274"]
[Annotator ""]
[Source ""]
[Remark ""]

1.d4 Nf6 2.c4 e6 3.Nf3 Bb4+ 4.Nbd2 b6 5.a3 Bxd2+ 6.Qxd2 Bb7 7.e3
a5 8.b3 d6 9.Bd3 Nbd7 10.Qc2 e5 11.e4 O-O 12.O-O Re8 13.Re1 exd4
14.Nxd4 Nc5 15.f3 d5 16.cxd5 Bxd5 17.Rd1 Nxd3 18.Rxd3 Nxe4 19.Bb2
Nd6 20.Rad1 Qe7 21.Qc3 f6 22.Nc2 Bf7 23.a4 Bg6 24.Re3 Qd7 25.Rxe8+
Rxe8 26.Ne3 Bf7 27.Ba3 Qe6 28.Bxd6 cxd6 29.Kf2 d5 30.Qd4 Rc8
31.Qxd5 Qxd5 32.Nxd5 Bxd5 33.Rxd5 Rc3 34.Rb5 Rc6 35.Ke3 1/2-1/2

[Event "MetLife Warsaw Najdorf Chess Festival  gr. A"]
[Site "Warszawa"]
[Date "2015.07.12"]
[Round "3.41"]
[White "Grabinsky, Vladimir"]
[Black "Winiarski, Mikolaj"]
[Result "1-0"]
[WhiteElo "2265"]
[BlackElo "2160"]
[Annotator ""]
[Source ""]
[Remark ""]

1.e4 c5 2.b4 cxb4 3.Nf3 e6 4.a3 bxa3 5.c3 d5 6.e5 Bd7 7.Nxa3
Nc6 8.d4 a6 9.Bd3 h6 10.O-O Nge7 11.Nc2 Na5 12.Ba3 Nec6 13.Bxf8
Rxf8 14.Nd2 b5 15.Qg4 Nc4 16.Bxc4 bxc4 17.Qxg7 Qg5 18.Qxg5 hxg5
19.Ne3 f5 20.exf6 Rxf6 21.Nf3 Rg6 22.Ng4 Ke7 23.Rfb1 Rgg8 24.g3
a5 25.Nge5 Nxe5 26.Nxe5 Be8 27.Rb7+ Kf6 28.f4 g4 29.h3 gxh3 30.g4
a4 31.Kh2 Ra5 32.Kxh3 Rb5 33.Rxb5 Bxb5 34.Rb1 Be8 35.Rb7 Rh8+
36.Kg2 Rh4 37.Ra7 Rh8 38.Rb7 Rh4 39.Rc7 Bg6 40.Ra7 Rh7 41.Nd7+
Ke7 42.Nc5+ Kf6 43.Rxh7 Bxh7 44.Nxa4 Bc2 45.Nc5 Bd1 46.Kg3 Be2
47.Kh4 Bd1 48.Kh5 Be2 49.Nd7+ Ke7 50.Ne5 Kf6 51.Kh6 Bxg4 52.Nxg4+
Kf5 53.Ne5 Ke4 54.Kg5 1-0

[Event "Najdorf Memorial"]
[Site "Warsaw POL"]
[Date "2015.07.13"]
[Round "4.2"]
[White "Volokitin, Andrei"]
[Black "Zhigalko, Andrey"]
[Result "0-1"]
[WhiteElo "2654"]
[BlackElo "2574"]
[Annotator ""]
[Source ""]
[Remark ""]

1.e4 c5 2.Nf3 Nc6 3.d4 cxd4 4.Nxd4 Qb6 5.Nb3 Nf6 6.Nc3 e6 7.Qe2
Bb4 8.Bd2 O-O 9.a3 Bxc3 10.Bxc3 e5 11.O-O-O a5 12.g4 d6 13.g5
Ne8 14.f4 Be6 15.f5 Bxb3 16.cxb3 Rc8 17.Qc4 d5 18.exd5 Nd6 19.Qe2
Nd4 20.Qxe5 Rxc3+ 21.bxc3 Nxb3+ 22.Kc2 Re8 23.Qf4 Re4 24.Qg3
Re3 25.Qf4 Re4 26.Qg3 Ra4 27.Re1 Rxa3 28.Qxd6 Ra2+ 29.Kb1 Nd2+
30.Kxa2 Qb3+ 31.Ka1 Qxc3+ 32.Ka2 Qc2+ 0-1

[Event "Najdorf Memorial"]
[Site "Warsaw POL"]
[Date "2015.07.13"]
[Round "4.3"]
[White "Kanarek, Marcel"]
[Black "Markowski, Tomasz"]
[Result "0-1"]
[WhiteElo "2508"]
[BlackElo "2566"]
[Annotator ""]
[Source ""]
[Remark ""]

1.Nf3 c5 2.c4 g6 3.d4 Bg7 4.e4 Qa5+ 5.Nc3 Nf6 6.Bd3 cxd4 7.Nxd4
Nc6 8.Nb3 Qc7 9.Bg5 O-O 10.O-O d6 11.Bxf6 exf6 12.f4 b6 13.Nd5
Qd8 14.Qd2 a5 15.f5 a4 16.Nc1 Ne5 17.Ne2 Bb7 18.Nec3 Re8 19.Kh1
Nd7 20.Bc2 a3 21.b3 Re5 22.Qd4 Rc8 23.Bd3 Bh6 24.Be2 Bg7 25.Bg4
h5 26.Bh3 g5 27.g4 b5 28.Nxb5 Bxd5 29.exd5 Nc5 30.Na7 Re4 31.Qd2
Ra8 32.Nc6 Qb6 33.Qf2 Rae8 34.Bg2 Re2 35.Rae1 Rxf2 36.Rxe8+ Kh7
37.Rxf2 Nd3 38.Rd2 Nf2+ 39.Kg1 Nh3+ 40.Kf1 Qg1+ 41.Ke2 Qxg2+
42.Kd3 Qf1+ 43.Kc3 Nf4 44.b4 Qc1+ 45.Rc2 Qa1+ 46.Kd2 Qf1 47.b5
hxg4 48.Nb4 Qa1 49.Nc6 Qg1 50.Kc3 Qd1 51.Re3 Qa1+ 52.Kb4 Qb1+
53.Kc3 Qg1 54.Rg3 Qe1+ 55.Kb3 Qb1+ 56.Kc3 Bf8 57.Re3 Qg1 58.Re8
Kg7 59.Kb4 Qb1+ 60.Kc3 Qa1+ 61.Kb4 Qb1+ 62.Kc3 Qd1 63.Re3 Qg1
64.Rg3 Qe1+ 65.Kb3 Ne2 66.Ka4 Nxg3 67.hxg3 Qd1 68.Nb4 Be7 69.b6
Qd4 70.Re2 Bd8 71.Re8 Bxb6 0-1

[Event "Najdorf Memorial"]
[Site "Warsaw POL"]
[Date "2015.07.13"]
[Round "4.4"]
[White "Bajarani, Ulvi"]
[Black "Cheparinov, Ivan"]
[Result "0-1"]
[WhiteElo "2515"]
[BlackElo "2683"]
[Annotator ""]
[Source ""]
[Remark ""]

1.d4 Nf6 2.c4 e6 3.Nc3 Bb4 4.a3 Bxc3+ 5.bxc3 c5 6.e3 Nc6 7.Bd3
O-O 8.f3 b6 9.e4 Ne8 10.Be3 Ba6 11.Nh3 Na5 12.Qe2 cxd4 13.cxd4
Rc8 14.Rc1 d6 15.O-O e5 16.d5 Nb3 17.Rb1 Nc5 18.Bc2 Rc7 19.Rb4
Qc8 20.Rc1 Kh8 21.Qf1 Nf6 22.Bg5 Ng8 23.g4 Ne7 24.Be3 Ng6 25.Nf2
Nb7 26.Bd3 Na5 27.h4 Qd8 28.g5 f6 29.h5 Nh4 30.Nh3 Qe8 31.gxf6
Rxf6 32.Be2 Qxh5 33.Bg5 Nxf3+ 34.Kh1 Rf8 0-1

[Event "Najdorf Memorial"]
[Site "Warsaw POL"]
[Date "2015.07.13"]
[Round "4.5"]
[White "Safarli, Eltaj"]
[Black "Kveinys, Aloyzas"]
[Result "1/2-1/2"]
[WhiteElo "2649"]
[BlackElo "2497"]
[Annotator ""]
[Source ""]
[Remark ""]

1.e4 c5 2.Nf3 e6 3.d4 cxd4 4.Nxd4 a6 5.Bd3 Bc5 6.Nb3 Ba7 7.Qe2
Nc6 8.Be3 d6 9.N1d2 Nf6 10.Bxa7 Rxa7 11.g4 b5 12.f4 Nb4 13.g5
Nd7 14.h4 e5 15.f5 h6 16.Rg1 hxg5 17.hxg5 Qb6 18.Nf3 Rc7 19.O-O-O
Nxa2+ 20.Kb1 Nb4 21.Rh1 Rxh1 22.Rxh1 Nc5 23.Rh8+ Ke7 24.f6+ gxf6
25.gxf6+ Kd7 26.Nxc5+ Qxc5 27.c3 Nxd3 28.Qxd3 Kc6 29.Rd8 Be6
30.Qd1 Bg4 31.Nxe5+ Qxe5 32.Qxg4 Qxf6 33.Rb8 Qg6 34.Qxg6 fxg6
35.Rg8 Re7 36.Rxg6 Rxe4 37.b4 a5 38.bxa5 Ra4 39.Kb2 Rxa5 40.Kb3 1/2-1/2

[Event "Najdorf Memorial"]
[Site "Warsaw POL"]
[Date "2015.07.13"]
[Round "4.6"]
[White "Durarbayli, Vasif"]
[Black "Klekowski, Maciej"]
[Result "1-0"]
[WhiteElo "2630"]
[BlackElo "2475"]
[Annotator ""]
[Source ""]
[Remark ""]

1.e4 c5 2.Nf3 Nc6 3.Nc3 Nf6 4.Bb5 Qc7 5.O-O d6 6.d4 cxd4 7.Nd5
Nxd5 8.exd5 a6 9.Be2 Nb4 10.c4 d3 11.Bxd3 Nxd3 12.Qxd3 g6 13.Qd4
f6 14.Re1 Bg7 15.b4 e5 16.dxe6 f5 17.Qd3 Bxa1 18.Bf4 Qg7 19.Qxd6
Qe7 20.Qd5 Bf6 21.Bd6 Qd8 22.Ne5 Be7 23.Nf7 Qb6 24.Bc5 Bxc5 25.bxc5
Qa5 26.Re3 Qc7 27.Nd6+ Ke7 28.Qe5 1-0

[Event "Najdorf Memorial"]
[Site "Warsaw POL"]
[Date "2015.07.13"]
[Round "4.7"]
[White "Romanishin, Oleg M"]
[Black "Efimenko, Zahar"]
[Result "0-1"]
[WhiteElo "2475"]
[BlackElo "2652"]
[Annotator ""]
[Source ""]
[Remark ""]

1.Nf3 g6 2.g3 Bg7 3.d4 c5 4.c3 Qc7 5.Bg2 Nf6 6.O-O O-O 7.Be3
d6 8.Na3 Nbd7 9.Nb5 Qd8 10.c4 Ng4 11.Bc1 cxd4 12.Nbxd4 Nb6 13.b3
d5 14.c5 Nd7 15.c6 Nb8 16.cxb7 Bxb7 17.h3 Nf6 18.Bf4 Nfd7 19.Rc1
e5 20.Bg5 Qb6 21.Nc2 Na6 22.Ne3 Qe6 23.Nh2 Nb6 24.Nc4 Rac8 25.Nxb6
axb6 26.Qd2 Nc5 27.Bh6 Ne4 28.Bxe4 dxe4 29.Bxg7 Kxg7 30.Rxc8
Rxc8 31.Ng4 h5 32.Ne3 Qxh3 33.Qd6 Qe6 34.Qxe6 fxe6 35.Rd1 Ba6
36.Kf1 g5 37.Nc4 Bxc4 38.bxc4 Rxc4 39.Rd6 Kf6 40.Rxb6 Rc1+ 41.Kg2
e3 42.a4 exf2 43.Kxf2 Ra1 44.Ra6 Kf5 45.a5 e4 46.Ra8 Kg4 47.a6
e3+ 48.Kxe3 Kxg3 49.a7 g4 50.Rh8 Rxa7 51.Rxh5 Ra3+ 52.Kd2 Kf2
53.Re5 g3 54.Rxe6 g2 55.Rf6+ Kg3 0-1

[Event "Najdorf Memorial"]
[Site "Warsaw POL"]
[Date "2015.07.13"]
[Round "4.8"]
[White "Sunilduth Lyna, Narayanan"]
[Black "Swiercz, Dariusz"]
[Result "1-0"]
[WhiteElo "2475"]
[BlackElo "2634"]
[Annotator ""]
[Source ""]
[Remark ""]

1.d4 Nf6 2.c4 g6 3.Nf3 Bg7 4.g3 c6 5.Bg2 d5 6.O-O O-O 7.Qb3 Qb6
8.Nc3 Rd8 9.Na4 Qxb3 10.axb3 Na6 11.Bf4 Bf5 12.Nc3 Ne4 13.Rfc1
e6 14.h3 h5 15.c5 g5 16.Nxg5 Bxd4 17.Ngxe4 Bxe4 18.Nxe4 dxe4
19.Ra4 f5 20.Rc2 Rd5 21.b4 Be5 22.Bxe5 Rxe5 23.f3 Rd8 24.fxe4
Rd4 25.exf5 exf5 26.Bf3 Nxc5 27.Ra5 Nd7 28.Rxa7 Rb5 29.Ra8+ Kg7
30.Rd8 Rbxb4 31.Bxh5 Ne5 32.Rxd4 Rxd4 33.e3 Re4 34.Kf2 Nd3+ 35.Ke2
Nb4 36.Rd2 f4 37.gxf4 Nd5 38.Kf2 Nxe3 39.Rd7+ Kh6 40.Bf3 Re6
41.Rxb7 Nc4 42.Rb4 Nd2 43.Rd4 Nxf3 44.Kxf3 c5 45.Rd2 c4 46.Rc2
Rb6 47.Ke4 Kg6 48.Kd4 Kf5 49.Kxc4 Kxf4 50.b4 Rb8 51.b5 Ke5 52.Re2+ 1-0

[Event "Najdorf Memorial"]
[Site "Warsaw POL"]
[Date "2015.07.13"]
[Round "4.9"]
[White "Meskovs, Nikita"]
[Black "Krasenkow, Michal"]
[Result "1/2-1/2"]
[WhiteElo "2457"]
[BlackElo "2610"]
[Annotator ""]
[Source ""]
[Remark ""]

1.d4 d6 2.Nf3 Bg4 3.c4 Nd7 4.Nc3 e5 5.e3 Ngf6 6.h3 Bxf3 7.Qxf3
c6 8.Be2 g6 9.O-O Bg7 10.b4 O-O 11.b5 Qc7 12.bxc6 bxc6 13.Rb1
Rfe8 14.Ba3 Rab8 15.Rxb8 Rxb8 16.Rb1 Rxb1+ 17.Nxb1 e4 18.Qf4
Qb6 19.Nc3 Qa5 20.Bb2 Qb4 21.Ba1 Qa3 22.Nd1 Qxa2 23.Bb2 Bf8 24.g4
h6 25.h4 Qa5 26.Bc3 Qd8 27.f3 d5 28.Nf2 exf3 29.Bxf3 Nb6 30.c5
Nc4 31.Be2 Nh7 32.h5 Ng5 33.hxg6 fxg6 34.Bd3 Nd6 35.Bxg6 Nde4
36.Bxe4 dxe4 37.d5 Qxd5 38.Qf6 Qe6 39.Qxe6+ Nxe6 40.Nxe4 Nxc5
41.Nxc5 Bxc5 42.Kf2 Kf7 43.Ke2 Kg6 44.e4 Bf8 45.Kf3 Bg7 46.e5
Bf8 47.e6 Be7 48.Kf4 Bf6 49.Bb4 Bb2 50.Ke4 Kf6 51.Bd2 Kxe6 52.Bxh6
a5 53.Kd3 a4 54.Kc4 Ba3 55.Bd2 Be7 56.Bb4 Bg5 57.Ba3 Bd2 58.Bb4
Bc1 59.Bf8 Bd2 60.Bb4 Bxb4 1/2-1/2

[Event "Najdorf Memorial"]
[Site "Warsaw POL"]
[Date "2015.07.13"]
[Round "4.10"]
[White "Krzyzanowski, Marcin"]
[Black "Piorun, Kacper"]
[Result "0-1"]
[WhiteElo "2427"]
[BlackElo "2591"]
[Annotator ""]
[Source ""]
[Remark ""]

1.c4 f5 2.d4 Nf6 3.Nc3 e6 4.g3 Bb4 5.Bg2 O-O 6.Qb3 a5 7.a3 Bxc3+
8.Qxc3 a4 9.Nh3 d6 10.O-O Qe7 11.b4 axb3 12.Qxb3 Nc6 13.Bb2 Ne4
14.Qc2 e5 15.e3 b6 16.Rfd1 Bb7 17.f3 Nf6 18.Qxf5 exd4 19.exd4
Qe2 20.Qb1 Na5 21.Re1 Qxc4 22.Qd1 Rae8 23.Rc1 Qa2 24.Rxe8 Rxe8
25.Qc2 Ba6 26.Bc3 Qxc2 27.Rxc2 Nc4 28.Rc1 Nxa3 29.Bb4 Nc4 30.Bf1
b5 31.Nf4 g5 32.Nd3 Bb7 33.f4 g4 34.Nf2 Ra8 35.Be1 h5 36.Rb1
Bc6 37.Nd3 Ne3 38.Nb4 Be4 39.Rc1 Nxf1 40.Kxf1 Ra7 41.Bd2 Kf7
42.Ke2 Ke6 43.Ke3 Ra3+ 44.Ke2 Kd7 45.Kf2 Bf3 46.Ke1 Ne4 0-1

[Event "Najdorf Memorial"]
[Site "Warsaw POL"]
[Date "2015.07.13"]
[Round "4.11"]
[White "Szczepkowska-horowska, Karina"]
[Black "Dragun, Kamil"]
[Result "1/2-1/2"]
[WhiteElo "2392"]
[BlackElo "2586"]
[Annotator ""]
[Source ""]
[Remark ""]

1.d4 Nf6 2.c4 e6 3.Nf3 b6 4.g3 Bb7 5.Bg2 Be7 6.O-O O-O 7.Re1
a5 8.Nc3 Ne4 9.Nxe4 Bxe4 10.Nd2 Bxg2 11.Kxg2 d5 12.cxd5 exd5
13.Nf3 c5 14.dxc5 bxc5 15.Qa4 Qb6 16.Ne5 c4 17.e4 Bb4 18.Rd1
dxe4 19.Qc2 Qb7 20.Be3 Rc8 21.Rd4 Na6 22.Nxc4 Re8 23.Rad1 Qc6
24.Qe2 Qe6 25.Nd6 Red8 26.Nxe4 Rxd4 27.Rxd4 Qxa2 28.Qd3 Qe6 29.Ng5
Qc6+ 30.Kg1 Qg6 31.Rd8+ Rxd8 32.Qxd8+ Bf8 33.Qxa5 Nb4 34.Qb5
Nc2 35.Bf4 h6 36.Nf3 1/2-1/2

[Event "Najdorf Memorial"]
[Site "Warsaw POL"]
[Date "2015.07.13"]
[Round "4.12"]
[White "Blahynka, Martin"]
[Black "Tomczak, Jacek"]
[Result "0-1"]
[WhiteElo "2420"]
[BlackElo "2579"]
[Annotator ""]
[Source ""]
[Remark ""]

1.e4 e6 2.d4 d5 3.Nc3 Nf6 4.Bg5 dxe4 5.Nxe4 Be7 6.Bxf6 gxf6 7.Nf3
f5 8.Nc3 a6 9.Qe2 b5 10.O-O-O b4 11.Na4 Qd5 12.c4 Qa5 13.b3 Bd7
14.Nc5 Bxc5 15.dxc5 Qxc5 16.Ne5 a5 17.f4 a4 18.Qd3 axb3 19.Nxd7
Nxd7 20.Qxd7+ Kf8 21.axb3 Ra1+ 22.Kb2 Rxd1 23.Qxd1 Ke7 24.Be2
Rd8 25.Qc2 Qd4+ 26.Kb1 Ra8 27.Qb2 Qe4+ 28.Kc1 Qxf4+ 29.Kd1 Qe4
30.Rg1 Ra3 31.g4 Qa8 32.Ke1 Qa7 33.Rg3 Ra1+ 34.Bd1 Ra2 35.Qxa2
Qxa2 36.Rh3 Qg2 37.Rxh7 f4 0-1

[Event "Najdorf Memorial"]
[Site "Warsaw POL"]
[Date "2015.07.13"]
[Round "4.13"]
[White "Olszewski, Michal"]
[Black "Warakomski, Tomasz"]
[Result "0-1"]
[WhiteElo "2562"]
[BlackElo "2449"]
[Annotator ""]
[Source ""]
[Remark ""]

1.e4 e5 2.Nf3 Nc6 3.Bb5 a6 4.Ba4 Nf6 5.Qe2 d6 6.c3 Be7 7.Bxc6+
bxc6 8.d4 exd4 9.cxd4 a5 10.Qc2 O-O 11.O-O Bd7 12.Nc3 Re8 13.h3
Bf8 14.Re1 h6 15.Bf4 a4 16.Bh2 Qb8 17.Re3 Ra7 18.Rae1 Qb4 19.R1e2
Rb8 20.Qd1 Ra5 21.d5 cxd5 22.e5 d4 23.a3 Qb6 24.Nxd4 Nd5 25.Nxd5
Rxd5 26.Rd2 c5 27.Nc2 Rxd2 28.Qxd2 Qxb2 29.exd6 Bf5 30.d7 Rd8
31.Re8 Rxd7 32.Bd6 Kh7 33.Rxf8 Qf6 34.Qf4 Rxd6 35.Ne3 Bd7 36.Qc4
Qa1+ 37.Kh2 Qe5+ 38.Kg1 Be8 39.Qc2+ g6 40.Nc4 Qa1+ 41.Kh2 Re6
42.Rxe8 Rxe8 43.Qxa4 Re2 0-1

[Event "Najdorf Memorial"]
[Site "Warsaw POL"]
[Date "2015.07.13"]
[Round "4.14"]
[White "Bednarek, Sylwester"]
[Black "Bromberger, Stefan"]
[Result "0-1"]
[WhiteElo "2291"]
[BlackElo "2556"]
[Annotator ""]
[Source ""]
[Remark ""]

1.d4 Nf6 2.Bg5 Ne4 3.Bf4 d5 4.f3 Nf6 5.Nc3 c5 6.e4 cxd4 7.Nb5
e5 8.Bxe5 Bb4+ 9.c3 dxc3 10.Bxc3 Bxc3+ 11.Nxc3 Be6 12.exd5 Nxd5
13.Nxd5 Bxd5 14.Qe2+ Be6 15.Qb5+ Nc6 16.Qc5 Qh4+ 17.g3 Qb4+ 18.Qxb4
Nxb4 19.Kf2 O-O-O 20.a3 Nc2 21.Rc1 Rd2+ 22.Ne2 Kb8 23.Kg1 Rc8
24.h4 Ne3 25.Rxc8+ Kxc8 26.Nf4 Nxf1 27.Kxf1 Rxb2 28.Rg1 Bc4+
29.Ke1 Ra2 30.Nh5 g6 31.Nf6 h6 32.g4 b5 33.h5 g5 34.Ng8 a5 35.Nxh6
b4 36.axb4 a4 37.Nf5 Bd3 38.Rg3 a3 39.f4 Bxf5 40.gxf5 Ra1+ 41.Kf2
a2 42.fxg5 Rf1+ 43.Kxf1 a1Q+ 44.Kg2 Qb2+ 45.Kh3 Qe2 46.h6 Qe4
47.f6 Kd7 48.Rg4 Qf3+ 49.Rg3 Qh5+ 50.Kg2 Qe2+ 51.Kh3 Qh5+ 52.Kg2
Qe2+ 53.Kh3 Ke6 54.b5 Qxb5 55.Kg2 Qe2+ 56.Kg1 Qe1+ 57.Kg2 Ke5
58.Rh3 Qd2+ 59.Kh1 Qc1+ 60.Kh2 Qc2+ 61.Kg3 Qh7 62.Kg4 Qf5+ 63.Kg3
Qxg5+ 64.Kh2 Qd2+ 65.Kh1 Qc1+ 66.Kg2 Qc2+ 67.Kf3 Qh7 68.Kg4 Kxf6
69.Rh5 Qe4+ 70.Kg3 Kg6 71.Rh4 Qxh4+ 72.Kxh4 Kxh6 73.Kg4 Kg6 74.Kf4
Kf6 0-1

[Event "Najdorf Memorial"]
[Site "Warsaw POL"]
[Date "2015.07.13"]
[Round "4.15"]
[White "Rozentalis, Eduardas"]
[Black "Czerwonski, Aleksander"]
[Result "1/2-1/2"]
[WhiteElo "2530"]
[BlackElo "2375"]
[Annotator ""]
[Source ""]
[Remark ""]

1.e4 d6 2.d4 Nf6 3.Nc3 g6 4.Nf3 Bg7 5.Be2 O-O 6.O-O c6 7.a4 Nbd7
8.Re1 Qc7 9.h3 e5 10.dxe5 dxe5 11.Bc4 Nc5 12.Qe2 Ne6 13.Be3 Nh5
14.Rad1 Nhf4 15.Qd2 Qe7 16.Ne2 Rd8 17.Qc1 Nxe2+ 18.Rxe2 Rxd1+
19.Qxd1 Bf6 20.c3 Nc5 21.Bh6 Be6 22.Bxe6 Nxe6 23.Rd2 Rd8 24.Rxd8+
Nxd8 25.Be3 a6 26.b4 Ne6 27.g3 Kf8 28.Ba7 Ke8 29.Bb8 Ng5 30.Nxg5
Bxg5 31.Qg4 Kf8 32.Qc8+ Kg7 33.Ba7 b5 34.Qxa6 Qd7 35.axb5 cxb5
36.Bc5 Bd2 37.Qa8 h5 38.Qf8+ Kh7 39.Be7 Bh6 40.Qxf7+ Bg7 41.Kh2
Qa7 42.g4 h4 43.Kg2 Qd7 44.g5 Qb7 45.Kf1 Qd7 46.Ke2 Qb7 47.Kd3
Qd7+ 48.Kc2 Qa7 49.Kc1 Qa1+ 50.Kd2 Qb2+ 51.Kd1 Qb1+ 52.Ke2 Qc2+
53.Kf3 Qd3+ 54.Kg2 Qd7 1/2-1/2

[Event "Najdorf Memorial"]
[Site "Warsaw POL"]
[Date "2015.07.13"]
[Round "4.16"]
[White "Sadzikowski, Daniel"]
[Black "Skawinski, Arkadiusz"]
[Result "1/2-1/2"]
[WhiteElo "2477"]
[BlackElo "2358"]
[Annotator ""]
[Source ""]
[Remark ""]

1.c4 c6 2.Nf3 d5 3.g3 Nf6 4.Bg2 e6 5.b3 Nbd7 6.Bb2 Bd6 7.d4 Ne4
8.O-O O-O 9.Ba3 Bxa3 10.Nxa3 Qa5 11.Qc1 b5 12.Ne5 Nxe5 13.dxe5
Nc3 14.Re1 bxc4 15.bxc4 Ba6 16.e3 Rab8 17.Bf1 Rfc8 18.Nb1 Ne4
19.f3 Nc5 20.Nd2 Nd7 21.f4 Nb6 22.Nb3 Qb4 23.c5 Bxf1 24.cxb6
Bc4 25.bxa7 Ra8 26.Nd2 Bd3 27.a3 Qa4 28.Qc3 Bb5 29.Nb3 Rxa7 30.Nc5
Qc4 31.Rec1 Rca8 32.Qd2 Qe2 33.Qxe2 Bxe2 34.Rc3 Bc4 35.Ne4 1/2-1/2